000 00420cam a2200145 4500
001 3657
005 20181127171703.0
008 840606s1983 nyu b 000 1 eng d
010 _a 83061423
100 1 _aGissing, George,
_d1857-1903.
245 1 4 _aThe odd women /
_cGeorge Gissing.
260 _aNew York :
_bW. W. Norton & Company. Inc.,
_c1971.
300 _axxvi, 388 p. ;
_c18 cm.
504 _aBibliography: p. 387-388.
999 _c2981
_d2981